| 000 | nam a22 7a 4500 | ||
|---|---|---|---|
| 999 |
_c15504 _d15504 |
||
| 008 | 161101b xxu||||| |||| 00| 0 eng d | ||
| 020 | _a9780030184581 | ||
| 020 | _a00330184584 | ||
| 050 | _aHF 5387 .W45 2002 | ||
| 100 | _aWeiss, Joseph W. | ||
| 245 |
_aBusiness ethics : _ba stakeholder and issues management approach/ _cJoseph W. Weiss. |
||
| 250 | _a3rd ed. | ||
| 260 |
_aAustralia : _bThomson South-Western ; _c2003. |
||
| 300 |
_axvi, 487p. : _bill. ; |
||
| 500 | _aIncludes index. | ||
| 650 | _aBusiness ethics. | ||
| 942 |
_2lcc _cBOOKS _hHF 5387 .W45 2002 |
||